header

Diffusion and diffusional phase transformation in alloys : (Record no. 131468)

MARC details
000 -LEADER
fixed length control field 02419nam a22004451i 4500
001 - CONTROL NUMBER
control field ebr10778027
003 - CONTROL NUMBER IDENTIFIER
control field CaPaEBR
006 - FIXED-LENGTH DATA ELEMENTS--ADDITIONAL MATERIAL CHARACTERISTICS--GENERAL INFORMATION
fixed length control field m o d
007 - PHYSICAL DESCRIPTION FIXED FIELD--GENERAL INFORMATION
fixed length control field cr cn|||||||||
008 - FIXED-LENGTH DATA ELEMENTS--GENERAL INFORMATION
fixed length control field 090730s2008 sz a ob 001 0 eng d
020 ## - INTERNATIONAL STANDARD BOOK NUMBER
Cancelled/invalid ISBN 3908451558
Cancelled/invalid ISBN 9783908451556
International Standard Book Number 9783038132042 (e-book)
040 ## - CATALOGING SOURCE
Original cataloging agency CaPaEBR
Language of cataloging eng
Description conventions rda
-- pn
Transcribing agency CaPaEBR
035 ## - SYSTEM CONTROL NUMBER
System control number (OCoLC)827237241
050 14 - LIBRARY OF CONGRESS CALL NUMBER
Classification number TN689.2
Item number .D554 2007eb
082 04 - DEWEY DECIMAL CLASSIFICATION NUMBER
Classification number 669/.9
Edition number 22
111 2# - MAIN ENTRY--MEETING NAME
Meeting name or jurisdiction name as entry element DIFTRANS-2007
Date of meeting (2007 :
Location of meeting Sofiyivka, Ukraine)
245 10 - TITLE STATEMENT
Title Diffusion and diffusional phase transformation in alloys :
Remainder of title selected, peer-reviewed papers fom the 4th International Workshop "Diffusion and Diffusional Phase Transformations in Alloys", DIFTRANS-2007 : 16-21 July 2007, Sofoyivka (Uman'), Cherkasy region, Ukraine /
Statement of responsibility, etc edited by D. Beke [and three others].
246 30 - VARYING FORM OF TITLE
Title proper/short title DIFTRANS-2007
264 #1 - PRODUCTION, PUBLICATION, DISTRIBUTION, MANUFACTURE, AND COPYRIGHT NOTICE
Place of production, publication, distribution, manufacture Stafa-Zurich, Switzerland :
Name of producer, publisher, distributor, manufacturer Trans Tech Publications,
Date of production, publication, distribution, manufacture, or copyright notice [2008]
Date of production, publication, distribution, manufacture, or copyright notice �2008
300 ## - PHYSICAL DESCRIPTION
Extent 1 online resource (228 pages) :
Other physical details illustrations.
336 ## - CONTENT TYPE
Content type term text
Source rdacontent
337 ## - MEDIA TYPE
Media type term computer
Source rdamedia
338 ## - CARRIER TYPE
Carrier type term online resource
Source rdacarrier
490 1# - SERIES STATEMENT
Series statement Diffusion and defect forum,
International Standard Serial Number 1012-0386 ;
Volume number/sequential designation v. 277
504 ## - BIBLIOGRAPHY, ETC. NOTE
Bibliography, etc Includes bibliographical references and index.
588 ## - SOURCE OF DESCRIPTION NOTE
Source of description note Description based on print version record.
590 ## - LOCAL NOTE (RLIN)
Local note Electronic reproduction. Palo Alto, Calif. : ebrary, 2013. Available via World Wide Web. Access may be limited to ebrary affiliated libraries.
650 #0 - SUBJECT ADDED ENTRY--TOPICAL TERM
Topical term or geographic name as entry element Alloys
Form subdivision Congresses.
Topical term or geographic name as entry element Diffusion
Form subdivision Congresses.
Topical term or geographic name as entry element Phase transformations (Statistical physics)
Form subdivision Congresses.
655 #0 - INDEX TERM--GENRE/FORM
Genre/form data or focus term Electronic books.
700 1# - ADDED ENTRY--PERSONAL NAME
Personal name Beke, D. L.
Fuller form of name (Dezs�o L.)
776 08 - ADDITIONAL PHYSICAL FORM ENTRY
Display text Print version:
Main entry heading DIFTRANS-2007 (2007 : Sofiyivka, Ukraine).
Title Diffusion and diffusional phase transformation in alloys : selected, peer-reviewed papers fom the 4th International Workshop "Diffusion and Diffusional Phase Transformations in Alloys".
Place, publisher, and date of publication Stafa-Zurich, Switzerland : Trans Tech Publications, [2008]
Physical description xii, 230 pages : illustrations ; 25 cm.
Series data for related item Diffusion and defect forum ; v. 277.
International Standard Book Number 9783908451556
Record control number (OCoLC)262583786
-- (DLC) 2009289692
797 2# - LOCAL ADDED ENTRY--CORPORATE NAME (RLIN)
Corporate name or jurisdiction name as entry element ebrary.
830 #0 - SERIES ADDED ENTRY--UNIFORM TITLE
Uniform title Diffusion and defect data.
Number of part/section of a work Pt. A,
Name of part/section of a work Defect and diffusion forum ;
Volume number/sequential designation v. 277.
856 40 - ELECTRONIC LOCATION AND ACCESS
Uniform Resource Identifier <a href="http://site.ebrary.com/lib/rucke/Doc?id=10778027">http://site.ebrary.com/lib/rucke/Doc?id=10778027</a>
Public note An electronic book accessible through the World Wide Web; click to view

No items available.

© 2026 Rongo University
Contact us: librarian | system librarian | Rongo university